00818nam a2200193 a 450000100100000000500170001000800410002704000250006808200150009310000290010824500750013726000590021230000290027159000750030070000370037504900090041295201860042199900170060700003087620200930062550.0110602nuuuuuuuudr a 000 p spa d aDO-SdBNPbspacBNPHU axxxbS816d1 aStefan B., José95740810aDos por la libertad /cJosé Stefan B. ; prólogo de Juan A. Biaggi. a[Santo Domingo] :bEstudio Editorial Incoco,c[19--?]. a[42] p. :bil. ;c21 cm. aPerteneció a la biblioteca personal de Juan Isidro Jimenes Grullón1 aBiaggi, Juan A.,epról.957409 aBNPD 001050718RVaPDbPDcCTd2011-06-02iLF1l0oxxx S816dp30876-10r2020-06-25w2020-06-25y1zPerteneció a la biblioteca personal de Juan Isidro Jimenes Grullón.ZNo se presta c30368d30368